00255nam a2200097Ia 4500008004100000082001200041100002100053245006500074260000900139300000900148190415s9999 xx 000 0 und d aRI.0043 aIttyerah, Miriam 0aHandedness and hand abilities in congenitally blind children c1996 a86p.